Migračné pohyby a migranti v chápaní majoritnej populácie krajín Európskej únie, s dôrazom na Slovenskú republiku dizertačná práca

Saved in:
Bibliographic Details
Main Author: Billý, Ľubomír
Corporate Author: Fakulta medzinárodných vzťahov EU. Katedra medzinárodných ekonomických vzťahov a hospodárskej diplomacie
Other Authors: Plávková, Oľga
Format: Book
Language:Slovak
Published: Bratislava 2012
Subjects:
Tags: Add Tag
No Tags, Be the first to tag this record!

MARC

LEADER 00000nbm a2200000 4500
001 0159755
005 20240502072752.8
041 0 |a slo 
044 |a SK 
245 1 0 |a Migračné pohyby a migranti v chápaní majoritnej populácie krajín Európskej únie, s dôrazom na Slovenskú republiku  |b dizertačná práca  |c Ľubomír Billý ; školiteľ: Oľga Plávková 
264 1 |a Bratislava  |c 2012 
300 |a 154 s. 
610 2 0 |a migrácia 
610 2 0 |a populácia 
610 2 0 |a Európska únia 
610 2 0 |a Slovensko 
610 2 0 |a politika hospodárska medzinárodná 
610 2 0 |a imigrácia 
610 2 0 |a integrácia ekonomická medzinárodná 
100 1 |a Billý, Ľubomír 
700 1 |a Plávková, Oľga 
710 2 |a Fakulta medzinárodných vzťahov EU. Katedra medzinárodných ekonomických vzťahov a hospodárskej diplomacie